The Art of Happiness in a Troubled World (Record no. 369881)

MARC details
000 -LEADER
fixed length control field 00446nam a2200169 4500
005 - DATE AND TIME OF LATEST TRANSACTION
control field 20260113174231.0
008 - FIXED-LENGTH DATA ELEMENTS--GENERAL INFORMATION
fixed length control field 260113b |||||||| |||| 00| 0 eng d
020 ## - INTERNATIONAL STANDARD BOOK NUMBER
International Standard Book Number 978-0-3407-9440-1
041 ## - LANGUAGE CODE
Language code of text/sound track or separate title English
082 ## - DEWEY DECIMAL CLASSIFICATION NUMBER
Classification number X294.34 LAM
Item number B12172
100 ## - MAIN ENTRY--PERSONAL NAME
Author Lama, Dalai
245 ## - TITLE STATEMENT
Title The Art of Happiness in a Troubled World
260 ## - PUBLICATION, DISTRIBUTION, ETC.
Place of publication, distribution, etc. London
Name of publisher, distributor, etc. Yellow kite
Date of publication, distribution, etc. 2020
300 ## - PHYSICAL DESCRIPTION
Extent 338p.
Other physical details pb
365 ## - TRADE PRICE
Price type code Rupaye
Price amount 328
Currency code INR
942 ## - ADDED ENTRY ELEMENTS (KOHA)
Koha item type Books
Holdings
Withdrawn status Lost status Source of classification or shelving scheme Damaged status Not for loan Collection code Home library Current library Date acquired Vendor Net Price Bill number Total Checkouts Full call number Barcode Date last seen Discount Actual Price Bill Date Koha item type Original Barcode
    Dewey Decimal Classification     Non-fiction Smt. Bakul Tambat Institute of Nursing Education Smt. Bakul Tambat Institute of Nursing Education 30/12/2025 Amazon(online) 171-8166755-5088351 311.60 DED4- 4449435   X294.34 LAM B12172 BTIN-BK-12172 13/01/2026 16.40 328.00 18/12/2025 Books BTIN-BK-12172